| 000 | 00955cam a2200241 4500 | ||
|---|---|---|---|
| 001 | WB3648-36 | ||
| 008 | 000000n2000 000 0 eng u | ||
| 035 | _a(Sirsi) u109766 | ||
| 245 | _aDETR bid to replace PIP | ||
| 260 | _c2000 | ||
| 490 |
_aUrban Environment Today _v(110) 30 November 2000, 3(1) |
||
| 520 | _aGovernment has moved to bring representatives from all the EU states together in a concerted bid to introduce a new state funding framework to support regeneration. The DETR contends that the new framework, which will replace the controversial Partnership Investment Programme - ruled illegal by the EU in 1999, will benefit all existing and potential EU members. | ||
| 590 | _aWB | ||
| 650 | _aDETR | ||
| 650 | _aEU | ||
| 650 | _aPARTNERSHIP INVESTMENT PROGRAMME | ||
| 650 | _aGAP FUNDING | ||
| 650 | _aINNER CITIES | ||
| 650 | _aREDEVELOPMENT | ||
| 650 | _aNEIGHBOURHOOD RENEWAL | ||
| 690 | _aREGENERATION | ||
| 942 | _n0 | ||
| 999 |
_c65514 _d65514 |
||